000 00649 a2200241 4500
001 111261
020 _a9780771080197
041 _apor
082 _aP Year 5 921
250 _aNew rev. ed.
300 _aviii, 234 p.
697 _aCancer - Patients - Biography.
697 _aFox, Terry, 1958-
697 _aMarathon running.
697 _aRunners (Sports) - Biography.
856 _u00001d/00001d15.jpg
040 _aBR-BrIDEA
_cBR-BrIDEA
090 _aP Year 5 921
_bSCR
100 _aScrivener, Leslie
_d1950
245 1 0 _aTerry Fox
_bhis story
_c Leslie Scrivener
260 _a[s.l.]
_bMcClelland and Stewart
_c2000
942 _cBK
999 _c111261
_d111261